01829nam a2200349 i 4500001001000000003000900010005001700019007000300036008004100039040003000080041000800110082001900118100005100137245008500188264005200273300002800325336002700353337003300380338002800413490002700441500005600468500007300524504003900597590002600636942001400662952022800676952013700904952013701041952012601178952016001304999001501464000007010DO-SdBNP20260318102249.0ta090904s1988 dr r 001 0 spa d aDO-SdBNPbspacBNPHUerda aspa 4axxxbC183p2221 aCamilo de Cuello, Lourdes,eautor4aut.91308110aPautas, usos y costumbres en el lenguaje dominicano /cLourdes Camilo de Cuello. 4aSanto Do,mingo :bEdiciones de Taller,c©1988. a164 páginas ;c17 cm. atextobtxt2rdacontent asin mediaciónbn2rdamedia avolumenbnc2rdacarrier1 aBiblioteca Tallerv264 aIncluye índice alfabético de nombres y materias aIncluye referencias bibliográficas y notas al pie de las páginas aBibliografía : páginas 149-151 aInventariado, 2019/BT 2ddccLBS1 00102ddc56708DSaBNPHUbBNPHUcCTd2010-03-16eDonaciónl0oBNPHU DS C183pp7010-30r2020-06-25te.3w2020-06-25yLBS1zDedicado. Perteneció a la biblioteca personal de Mónica Peña y Gamundi.ZPréstamo en sala 00102ddc56708DSaBNPHUbBNPHUcMId2010-03-16l0oBNPHU DS C183pp7010-40r2020-06-25te.4w2020-06-25yLBS1ZPréstamo en sala 00102ddc56708DSaBNPHUbBNPHUcMId2010-03-16l0oBNPHU DS C183pp7010-50r2020-06-25te.5w2020-06-25yLBS1ZPréstamo en sala 00102ddc51708PDaBNPHUbBNPHUcCTd2009-09-04l0oBNPHU PD C183pp7010-10r2020-06-25w2020-06-25yLBS1ZNo se presta 00102ddc51708PDaBNPHUbBNPHUcCTd2009-12-02eDonado por FUNDIl0oBNPHU PD C183pp7010-20r2020-06-25te.2w2020-06-25yLBS1zDedicado.ZNo se presta c6794d6794